Catalog

Record Details

Catalog Search



The extra edge : success strategies for women : a woman's guide to total professional style Cover Image Book Book

The extra edge : success strategies for women : a woman's guide to total professional style

Record details

  • ISBN: 0874916062
  • Physical Description: 207 pages : illustrations ; 24 cm.
  • Publisher: Washington, D.C. : Acropolis Books, 1983.

Content descriptions

Formatted Contents Note:
Charlene Mitchell, with Thomas Burdick ; illustrations by Virginia Casey. Includes index.
Subject: Women executives.
Success.

LDR 00862cam a2200229 4500
001123056
003CONS
00520140703073300.0
008900625 1983
010 . ‡a 83007138
020 . ‡a0874916062
035 . ‡a(CPomAG)LMN480966
1001 . ‡aMitchell, Charlene, ‡d1950-
245 4. ‡aThe extra edge : success strategies for women : a woman's guide to total professional style
260 . ‡aWashington, D.C. : ‡bAcropolis Books, ‡c1983.
300 . ‡a207 pages : illustrations ; 24 cm.
505 . ‡aCharlene Mitchell, with Thomas Burdick ; illustrations by Virginia Casey. Includes index.
650 0. ‡aWomen executives.
650 0. ‡aSuccess.
700 . ‡aBurdick, Thomas, ‡d1950-
959 . ‡i32269000081896 ‡l658.4 Mit ‡aAdult - Nonfiction ‡tNonFiction ‡g14.95
852 . ‡p32269000081896 ‡j658.4 Mit ‡gAdult - Nonfiction ‡cNonFiction ‡y14.95 ‡bSBPL
901 . ‡a123056 ‡bUnknown ‡c123056 ‡tbiblio

Additional Resources